The Prospects for a political settlement: most options have been foreclosed

Saved in:
Bibliographic Details
Main Author: Whitehead, Laurence
Corporate Author: Universidad de Oxford
Format: Text
Published: Londres: Universidad de Oxford
Tags: Add Tag
No Tags, Be the first to tag this record!

MARC

LEADER 00000 a a2200000 04500
001 21608
003
040
090 |a 096000  
100 |a Whitehead, Laurence  
110 |a Universidad de Oxford  
245 |a The Prospects for a political settlement: most options have been foreclosed  
260 |a Londres:   |b Universidad de Oxford  
300 |a 38 p.  
999 |c 4928  |d 4928